| 000 | 00397cam a2200169ua 4500 | ||
|---|---|---|---|
| 020 | _c1.50 | ||
| 041 |
_ahin _h |
||
| 082 |
_a891.54 _bMYT/SE |
||
| 100 | _aMythilisharan , Gupth . | ||
| 245 |
_aSenkan / _cMythilisharan Gupth. _hTextual Documents |
||
| 260 |
_a : _bSahithya Sadan , _c1967. |
||
| 300 | _a137 ; . | ||
| 365 | _a1.50 | ||
| 504 | _a | ||
| 942 | _cBK | ||
| 999 |
_c11783 _d11783 |
||